Foo Fighters Songs By Lyrics - Statistics

General Stats
  • This quiz has been taken 95 times
  • The average score is 4 of 15
Answer Stats
Hint Answer % Correct
"I just kinda died for you, you just kinda stared at me. We will always have the chance" Aurora
47%
"You be my passerby, I'll be your one to pass through" Low
42%
"You've got a lot of nerve, now show a little backbone why don't you" Back & Forth
40%
"One more for hire, a wonderful liar, I think it's time we all should come clean" Stacked Actors
35%
"Steal me now and forever, I'll steal something good for you, the criminal in me is no one new" Generator
30%
Memory, mend me, know I've seen my share, things I can't repair, I'm breakin' to you" No Way Back
29%
"People I've loved, I have no regrets. Some I remember, some I forget" Home
28%
"Hey! It has something, it goes round and round again" White Limo
28%
"It's funny how money allows all to browse and be endowed" For All The Cows
25%
"You're so afraid that you are the only one, you are the only one, you know" Cold Day In The Sun
23%
"You said I've wasted these I.O.Us" Word Forward
23%
"Stuck on the inside now, it's fear I'm embracing I never could face you down" M.I.A
11%
"Watch the sunrise all alone, sitting on the tracks. Hear the train come roaring in, never coming back" Still
11%
"Sick and uninspired by the diamonds in your fire, burning like a flame inside of you" Tired of You
10%
"Tear it off, but not a lot, only so much you can take" Weenie Beenie
7%
No matching quizzes found
Score Distribution
Percent of People with Each Score
Percentile by Number Answered
Your Score History
You have not taken this quiz